Sports Quiz

Random Sports or Hockey Quiz

NHL MVPs (Player Vote) Quiz Stats

Quiz Updated Jun 16, 2017

Also try: NHL MVPs
Challenge
Share
Tweet
Embed
Score 0/46 Timer 06:00
6 Plays Today
Year Player % Correct
2006–07Sidney Crosby
95.7%
2012-13Sidney Crosby
95.3%
1981–82Wayne Gretzky
94.9%
1982–83Wayne Gretzky
94.9%
1983–84Wayne Gretzky
94.9%
1984–85Wayne Gretzky
94.9%
1986–87Wayne Gretzky
94.9%
2013-14Sidney Crosby
93.2%
2007–08Alexander Ovechkin
92.3%
2008–09Alexander Ovechkin
92.3%
2009–10Alexander Ovechkin
92.3%
1985–86Mario Lemieux
88%
1987–88Mario Lemieux
88%
1992–93Mario Lemieux
88%
1995–96Mario Lemieux
88%
2011–12Evgeni Malkin
86.5%
2015-16Patrick Kane
86.1%
1998–99Jaromir Jagr
83%
1999–2000Jaromir Jagr
83%
2005–06Jaromir Jagr
83%
2010–11Daniel Sedin
82.6%
1989–90Mark Messier
82.5%
1991–92Mark Messier
82.5%
Year Player % Correct
1974–75Bobby Orr
81.7%
2016-17Connor McDavid
81.2%
2003–04Martin St. Louis
80.1%
1988–89Steve Yzerman
77.6%
2000–01Joe Sakic
77.2%
2001–02Jarome Iginla
76.7%
1990–91Brett Hull
72.7%
1996–97Dominik Hasek
70.1%
1997–98Dominik Hasek
70.1%
2014-15Carey Price
69.1%
1994–95Eric Lindros
68.8%
1970–71Phil Esposito
61%
1972–73Phil Esposito
61%
1975–76Guy Lafleur
59%
1976–77Guy Lafleur
58.9%
1977–78Guy Lafleur
58.9%
1973–74Bobby Clarke
55.9%
2002–03Markus Naslund
52.9%
1993–94Sergei Fedorov
51.9%
1978–79Marcel Dionne
51.4%
1979–80Marcel Dionne
51.4%
1971–72Jean Ratelle
22.9%
1980–81Mike Liut
15.4%

You're not logged in!

Compare scores with friends on all Sporcle quizzes.
Sign Up with Email
OR
Log In

You Might Also Like...

Show Comments

Extras

Top Quizzes Today


Score Distribution

Your Account Isn't Verified!

In order to create a playlist on Sporcle, you need to verify the email address you used during registration. Go to your Sporcle Settings to finish the process.

Report this User

Report this user for behavior that violates our Community Guidelines.

Details: